000 00396nam a2200157Ia 4500
008 210210b1988 xxu||||| |||| 00| 0 eng d
020 _a0 07 451523 3
082 _a658.31124 ANDH
100 _aANDREWS (Sudhir).
245 _aHow to succeed at interviews.
260 _aNew Delhi.
_bT M H
_c1988
300 _a91
650 _aInterviews
690 _aPersonnel Management
906 _a043087
999 _c92601
_d92601